| 000 | 00552cam a2200205ua 4500 | ||
|---|---|---|---|
| 001 | 2116 | ||
| 008 | 110803n ii |||gr||||Z||||||eng | ||
| 020 | _a81-7096-222-6 | ||
| 040 | _cMAIN | ||
| 082 | _a150 | ||
| 100 |
_aPostman, Leo, _eAuthor. |
||
| 245 | 1 |
_aExperimental psychology an introduction _cby Leo Postman |
|
| 250 | _a1st. | ||
| 260 |
_aNew Delhi: _bKalyani Publishers,996. |
||
| 300 |
_axvi; 520p: _c23cm. |
||
| 653 | _aEducation | ||
| 653 | _aExperimental psychology an introduction | ||
| 700 |
_aEgan, James P., _eAuthor. |
||
| 942 | _cBK | ||
| 999 |
_c1984 _d1984 |
||